Lettere Di Condannati A Morte Della Resistenza Italiana

保存先:
書誌詳細
第一著者: Pietro Malvezzi E Giovanni Pirelli
フォーマット: 図書
言語:言語不明
出版事項: Arnoldo Mondtatori
タグ: タグ追加
タグなし, このレコードへの初めてのタグを付けませんか!

MARC

LEADER 00000nam a2200000Ia 4500
001 R-1046
003 CODICE-MESSINA
005 20260212102501.0
008 260211s9999 xx 000 0 und d
040 |c importazione_messina 
100 |a Pietro Malvezzi E Giovanni Pirelli 
245 0 |a Lettere Di Condannati A Morte Della Resistenza Italiana 
260 |b Arnoldo Mondtatori 
942 |2 ddc  |c BK 
952 |0 0  |1 0  |2 ddc  |4 0  |6 SCAFFALE_10_000000000000000__ROMANZI  |7 0  |9 31875  |a ME  |b ME  |d 2026-02-11  |l 0  |o SCAFFALE 10 - ROMANZI  |p R-1046  |r 2026-02-11 23:52:50  |w 2026-02-11  |x [REVISIONARE]  |y BK 
999 |c 27540  |d 27540